| 000 | 01859nam a2200349 i 4500 | ||
|---|---|---|---|
| 005 | 20220317001723.0 | ||
| 007 | ta | ||
| 008 | 210812r20162017mx er 000 0dspa d | ||
| 020 | _a9786071635273 | ||
| 040 |
_aCO-BoRNBP _bspa _cCO-BoRNBP _erda |
||
| 041 | 1 |
_aspa _hfre |
|
| 082 | 0 | 4 |
_a780.9 _bD82b _222 |
| 100 | 1 |
_aDufourcq, Norbert _d1904-1990 _eautor |
|
| 245 | 1 | 0 |
_aBreve historia de la música _cNorbert Dufourcq ; traducción de Emma Susana Speratti |
| 250 |
_aSegunda edición _bPrimera reimpresión |
||
| 264 | 1 |
_aMéxico _bFondo de Cultura Económica _c2016 _c2017 |
|
| 300 |
_a260 páginas _c18 cm |
||
| 336 |
_atexto _btxt _2rdacontent |
||
| 337 |
_asin mediación _bn _2rdamedia |
||
| 338 |
_avolumen _bnc _2rdacarrier |
||
| 490 |
_aPopular _v43 |
||
| 500 | _aIncluye índice de nombres, discoteca, bibliografía al final del texto | ||
| 505 | _aLa música monódica en occidente desde el siglo I hasta fines del siglo XV -- La música polifónica en occidente desde el renacimiento feudal del siglo X hasta fines del siglo XV -- La edad de oro de la polifonía -- La supremacía italiana durante el siglo XVII y el primer tercio del XVIII: el mundo preclásico -- Polifonía y monodia: el equilibrio en el siglo XVIII, de Johann Sebastian Bach a Mozart -- La supremacía alemana de Beethoven a Wagner -- La supremacía francesa: de Gounod, Franck y Sain-Salligns a Fauré, Debussy y Ravel -- Tradición y revolución: las escuelas no francesas a la conquista de la supremacía | ||
| 521 | _aRecomendado para un público adulto | ||
| 545 | _aIncluye datos biográficos del autor en la contracarátula | ||
| 650 | 1 | 7 |
_aCompositores _2ARMARC |
| 650 | 1 | 7 |
_aFormas musicales _2ARMARC |
| 650 | 1 | 7 |
_aMúsica _xHistoria _2ARMARC |
| 650 | 1 | 7 |
_aMusicología _xHistoria _2ARMARC |
| 700 | 1 |
_aSperatti, Emma Susana _etraductora _9180735 |
|
| 942 |
_2ddc _cBK |
||
| 999 |
_c7852 _d7852 |
||